| 000 | 00406nam a2200157Ia 4500 | ||
|---|---|---|---|
| 003 | LK-CoDNM | ||
| 005 | 20240726130541.0 | ||
| 008 | 010623t xxu||||| |||| 00| 1 eng d | ||
| 040 |
_aLK-CoDNM _dLK-CoDNM _eLK-CoDNM |
||
| 041 | _aeng | ||
| 080 |
_a14 _bDD45 |
||
| 100 | _aCoomaraswamy,Ananda.K. | ||
| 245 | _aThe two Reliefs from Bharhut in the Freer Gallery | ||
| 300 | _b12p. : ill ; 27 cm | ||
| 942 | _cBK | ||
| 999 |
_c136604 _d136604 |
||